[Event "DEN-ch Seniors"]
[Site "Aalborg"]
[Date "2023.02.19"]
[Round "1"]
[White "Poulsen, Knud"]
[Black "Svane, Henrik"]
[Result "0-1"]
[WhiteElo "1699"]
[BlackElo "2014"]
[PlyCount "88"]
[EventDate "2023.02.19"]
[EventType "swiss"]
[EventRounds "7"]
[EventCountry "DEN"]
[SourceTitle "CBM 213 Extra"]
[Source "ChessBase"]
[SourceDate "2023.05.31"]
[SourceVersion "1"]
[SourceVersionDate "2023.05.31"]
[SourceQuality "1"]

1. c4 Nf6 2. Nc3 d5 3. cxd5 Nxd5 4. Nxd5 Qxd5 5. Nf3 c5 6. g3 Nc6 7. Bg2 g6 8. 0-0 Bg7 9. d3 0-0 10. Nd2 Qd7 11. Nb3 b6 12. a3 Bb7 13. Nd2 Rfd8 14. h4 Nd4 15. Ne4 h6 16. Bf4 f5 17. Nc3 Bxg2 18. Kxg2 e5 19. Be3 Qe6 20. Bxd4 exd4 21. Nb1 Re8 22. Re1 f4 23. Nd2 fxg3 24. fxg3 Qg4 25. e4 Qd7 26. a4 Be5 27. Qb3+ Kg7 28. Rf1 Rf8 29. Rxf8 Rxf8 30. Rf1 Qg4 31. Rxf8 Qxg3+ 32. Kf1 Kxf8 33. Qd1 Qxd3+ 34. Qe2 Qxe2+ 35. Kxe2 Ke7 36. Nf3 Ke6 37. Kd3 Bf4 38. b3 g5 39. h5 g4 40. Nh4 Kf6 41. Ng6 Bg5 42. Nf8 g3 43. Nd7+ Ke7 44. Ne5 g2 0-1

[Event "Kiel op 31st"]
[Site "Kiel"]
[Date "2018.07.29"]
[Round "4"]
[White "Svane, Henrik"]
[Black "Knudsen, Simon"]
[Result "0-1"]
[WhiteElo "2081"]
[BlackElo "2197"]
[PlyCount "48"]
[EventDate "2018.07.28"]
[EventType "swiss"]
[EventRounds "9"]
[EventCountry "GER"]
[SourceTitle "CBM 185 Extra"]
[Source "ChessBase"]
[SourceDate "2018.07.29"]
[SourceVersion "1"]
[SourceVersionDate "2018.07.29"]
[SourceQuality "1"]

1. d4 d5 2. c4 e6 3. Nc3 c6 4. e4 dxe4 5. Nxe4 Bb4+ 6. Bd2 Qxd4 7. Bxb4 Qxe4+ 8. Be2 Na6 9. Bc3 f6 10. Nf3 Ne7 11. 0-0 e5 12. Bd3 Qg4 13. h3 Qh5 14. b4 Be6 15. b5 Nc5 16. Bb4 Nxd3 17. Qxd3 Qf7 18. Rac1 0-0 19. bxc6 bxc6 20. Qd6 Rfe8 21. Qc5 Rab8 22. Ba3 Ng6 23. Nd2 Nf4 24. Qe3 Qg6 0-1

[Event "DEN-chT 1718 56th"]
[Site "Denmark"]
[Date "2017.11.19"]
[Round "2.1"]
[White "Nielsen, Thomas Bach"]
[Black "Svane, Henrik"]
[Result "1/2-1/2"]
[WhiteElo "2146"]
[BlackElo "2084"]
[PlyCount "22"]
[EventDate "2017.11.18"]
[EventType "team-tourn"]
[EventRounds "9"]
[EventCountry "DEN"]
[SourceTitle "CBM 181 Extra"]
[Source "ChessBase"]
[SourceDate "2017.12.12"]
[SourceVersion "1"]
[SourceVersionDate "2017.12.12"]
[SourceQuality "1"]
[WhiteTeam "BMS"]
[BlackTeam "BOV"]
[WhiteTeamCountry "DEN"]
[BlackTeamCountry "DEN"]

1. d4 d5 2. c4 dxc4 3. e3 e6 4. Bxc4 Nf6 5. Nf3 c5 6. 0-0 a6 7. Qe2 b5 8. Bb3 Bb7 9. Rd1 Nbd7 10. a4 Qb8 11. Nbd2 Bd6 1/2-1/2

[Event "Aarhus Chess House Summer op"]
[Site "Aarhus"]
[Date "2017.06.29"]
[Round "5"]
[White "Taylor, Christopher"]
[Black "Svane, Henrik"]
[Result "1/2-1/2"]
[WhiteElo "1859"]
[BlackElo "2084"]
[PlyCount "20"]
[EventDate "2017.06.25"]
[EventType "swiss"]
[EventRounds "7"]
[EventCountry "DEN"]
[SourceTitle "EXT 2018"]
[Source "ChessBase"]
[SourceDate "2017.10.13"]
[SourceVersion "1"]
[SourceVersionDate "2017.10.13"]
[SourceQuality "1"]

1. c4 e6 2. d4 d5 3. Nc3 c5 4. cxd5 exd5 5. Nf3 Nc6 6. g3 Nf6 7. Bg2 Be7 8. 0-0 0-0 9. Bg5 c4 10. Ne5 Be6 1/2-1/2

[Event "North Sea Cup 20th"]
[Site "Esbjerg"]
[Date "2005.07.05"]
[Round "5"]
[White "Andersen, Soren Mikkel"]
[Black "Svane, Henrik"]
[Result "0-1"]
[WhiteElo "2130"]
[BlackElo "2159"]
[PlyCount "64"]
[EventDate "2005.07.02"]
[EventType "swiss"]
[EventRounds "9"]
[EventCountry "DEN"]
[SourceTitle "CBM 107 Extra"]
[Source "ChessBase"]
[SourceDate "2005.09.01"]
[SourceVersion "1"]
[SourceVersionDate "2005.09.01"]
[SourceQuality "1"]

1. d4 Nf6 2. c4 g6 3. Nc3 d5 4. Nf3 Bg7 5. Qb3 dxc4 6. Qxc4 0-0 7. e4 a6 8. a4 b5 9. Qb3 c5 10. dxc5 Be6 11. Qa3 b4 12. Qxb4 Nc6 13. Qa3 Rb8 14. a5 Nb4 15. Qa4 Bb3 16. Qxb3 Nd3+ 17. Bxd3 Rxb3 18. Bxa6 Rxc3 19. bxc3 Nxe4 20. Be3 Bxc3+ 21. Ke2 Bxa1 22. Rxa1 Qb8 23. Kf1 Qa7 24. Be2 Nxc5 25. a6 Rc8 26. Nd4 e5 27. Nb3 Nxb3 28. Bxa7 Nxa1 29. Be3 Nc2 30. Bb6 Nd4 31. Bxd4 Rc1+ 32. Bd1 Rxd1+ 0-1